South Africa Provinces by Abbreviation - Statistics

General Stats
  • This quiz has been taken 38 times
  • The average score is 6 of 9
Answers on the Map
Answers color-coded by a green-red scale on the quiz's map according to % correct below.
 
Answer Stats
Abbv Province % Correct
EC Eastern Cape
96%
WC Western Cape
96%
NC Northern Cape
92%
FS Free State
60%
KZN KwaZulu-Natal
60%
LP Limpopo
60%
MP Mpumalanga
56%
NW North West
48%
GP Gauteng
28%
No matching quizzes found
Score Distribution
Percent of People with Each Score
Percentile by Number Answered
Your Score History
You have not taken this quiz